01748aam a2200577 450000500170000000800410001704100140005808200190007210000160009110000160010710000200012324500560014325000160019926000280021530000190024365000170026265000300027965000290030965000320033865000330037065000220040365000260042565000240045165000330047565000260050865000260053465000290056065000240058965000160061365000410062965000260067065000220069665000100071865000110072865000120073965000400075165000330079165000260082465000320085065000210088265000250090365000290092865000380095765000230099565000350101865000140105365000190106765000120108665000240109865000480112220161111152249.0150528b xxu||||| |||| 00| 0 spa d aEspañol a005.453 A285c2 aAho, Alfred aLam, Monica aUllman, Jeffrey aCompiladores: principios, técnicas y herramientas a2 edición aMéxicobPearsonc2008 a1040 páginas aCOMPILADORES aPROGRAMAS PARA COMPUTADOR aPROCESADORES DE LENGUAJE aLENGUAJES DE PROGRAMACIÓN aTECNOLOGÍA DE COMPILADORES aAUTOMATAS FINITOS aANÁLISIS SINTACTICO aGRAMÁTICAS LIBRES aESCRITURA DE UNA GRAMÁTICA aSINTACTICO DECENDENTE aSINTACTICO ASCENDENTE aANALIZADORES SINTACTICOS aGRAMATICAS AMBIGUAS aGENERADORES aTRADUCCIÓN ORIENTADA A LA SINTAXIS aANÁLISIS SINTACTICO aANÁLISIS LEXICO aBUFER aTOKENS aUSO LEX aGENERACIÓN DE CÓDIGO INTERMEDIO aCÓDIGO DE TRES DIRECCIONES aTIPOS Y DECLARACIONES aTRADUCCIÓN DE EXPRESIONES aFLUJO DE CONTROL aINSTRUCCIONES SWITCH aGENERACIÓN DE CÓDIGO aORGANIZACIÓN DEL ALMACENAMIENTO aACCESO A LOS DATOS aADMINISTRACIÓN DEL MONTICULO aBUSQUEDAS aFLUJO DE DATOS aBLOQUES aGRÁFICOS DE FLUJO aOPTIMIZACIONES INDEPENDIENTES DE LA MAQUINA